|
|
|
|
| LEADER |
00000nam a2200000 a 4500 |
| 001 |
UCQ4939 |
| 003 |
CL-VaPUC |
| 008 |
980910e19770000CN |||||||||||||||||fre|d |
| 082 |
0 |
4 |
|a C811
|b BRO
|2 21
|
| 100 |
0 |
|
|a Brossard, Nicole
|e author
|9 419078
|
| 245 |
1 |
2 |
|a L'amèr
|
| 246 |
1 |
3 |
|a Le chapitre effrité
|
| 300 |
|
|
|a 99 p
|
| 942 |
|
|
|c BK
|
| 945 |
|
|
|d 19980910 00:00:00
|a crobeson
|
| 260 |
|
|
|a Quebec
|b Quinze
|c 1977
|
| 650 |
|
0 |
|a Poesías canadienses
|9 314771
|
| 650 |
|
0 |
|a Literatura canadiense
|9 342826
|
| 583 |
|
|
|a last modification
|c 19980910 00:00:00
|k Rodrigo Vera
|
| 999 |
|
|
|c 275237
|d 275235
|
| 952 |
|
|
|0 0
|1 0
|4 0
|6 C_811_000000000000000_BRO_1977
|7 0
|8 A
|9 311824
|a BIBEDU
|b BIBEDU
|d 2019-11-20
|i 1468316
|o C811 BRO 1977
|p 1468316
|r 2019-11-20
|w 2019-11-20
|y BK
|k LIT
|